Statystyki dla Gminy w Powiatach na Literę J

Kliknij tutaj aby rozwiązać quiz!

Ogólne statystyki

  • Ten quiz został rozwiązany 19 razy
    (8 od ostatniego zresetowania)
  • Średni wynik to 14 z 44

Statystyki odpowiedzi

PowiatyGminy% Poprawnych
jarosławskiJarosław
100%
JanowskiJanów Lubelski
86%
jarocińskiJarocin
86%
jasielskiJasło
86%
jaworskiJawor
86%
jędrzejowskiJędrzejów
86%
Bolków
57%
Dzwola
57%
Radymno
57%
Imielno
29%
Kołaczyce
29%
Krempna
29%
Małogoszcz
29%
Nagłowice
29%
Nowy Żmigród
29%
Oksa
29%
Pruchnik
29%
Rokietnica
29%
Sędziszów
29%
Słupia
29%
Sobków
29%
Wodzisław
29%
Batorz
14%
Brzyska
14%
Chłopice
14%
Chrzanów
14%
Godziszów
14%
Jaraczewo
14%
Kotlin
14%
Laszki
14%
Męcinka
14%
Modliborzyce
14%
Mściwojów
14%
Osiek Jasielski
14%
Paszowice
14%
Pawłosiów
14%
Potok Górny
14%
Roźwienica
14%
Skołyszyn
14%
Tarnowiec
14%
Wądroże Wielkie
14%
Wiązownica
14%
Żerków
14%
Dębowiec
0%

Rozkład punktacji

Percentyl według liczby udzielonych odpowiedzi

Procent ludzi z każdym wynikiem

Twoja historia wyników

Nie rozwiązałeś tego quizu od ostatniego zresetowania